[Event "London Chess Classic: Blitz B"]
[Site "London"]
[Date "2019.12.08"]
[Round "5"]
[White "Ozturan, Cem"]
[Black "Vaidya, Raghav"]
[Result "1-0"]
[WhiteElo "1853"]
[BlackElo "1467"]
[PlyCount "71"]
[EventDate "2019.12.08"]
[EventType "swiss (blitz)"]
[EventRounds "11"]
[EventCountry "ENG"]
[SourceTitle "EXT 2021"]
[Source "ChessBase"]
[SourceDate "2020.10.23"]
[SourceVersion "1"]
[SourceVersionDate "2020.10.23"]
[SourceQuality "1"]

1. d4 Nf6 2. Nf3 b6 3. g3 Bb7 4. Bg2 e6 5. 0-0 Be7 6. c4 d6 7. Nc3 Nbd7 8. b3 0-0 9. Bb2 Re8 10. Re1 Bf8 11. Qc2 e5 12. d5 c5 13. dxc6 Bxc6 14. Rad1 Bxf3 15. Bxf3 Rc8 16. Nb5 Nc5 17. Nxa7 Rc7 18. Nb5 Rce7 19. Nxd6 Rd7 20. Nxe8 Rxd1 21. Nxf6+ Qxf6 22. Rxd1 Qe6 23. Bd5 Qf6 24. b4 Ne6 25. Bxe6 Qxe6 26. Qe4 Bxb4 27. Rd8+ Bf8 28. Ba3 g6 29. Bxf8 f5 30. Bh6+ Kf7 31. Rf8+ Ke7 32. Qb7+ Qd7 33. Rf7+ Kxf7 34. Qxd7+ Kf6 35. h4 b5 36. Bf8 1-0

[Event "London Classic op U2050-A 11th"]
[Site "London"]
[Date "2019.12.01"]
[Round "5"]
[White "Zakarian, Dimitrios Levon"]
[Black "Vaidya, Raghav"]
[Result "1/2-1/2"]
[WhiteElo "1601"]
[BlackElo "1541"]
[PlyCount "88"]
[EventDate "2019.11.29"]
[EventType "swiss"]
[EventRounds "5"]
[EventCountry "ENG"]
[SourceTitle "CBM 195 Extra"]
[Source "ChessBase"]
[SourceDate "2020.05.31"]
[SourceVersion "1"]
[SourceVersionDate "2020.05.31"]
[SourceQuality "1"]

1. d4 Nf6 2. Nf3 b6 3. c4 e6 4. a3 Bb7 5. Nc3 Be7 6. d5 exd5 7. cxd5 0-0 8. e4 d6 9. Be2 Nbd7 10. 0-0 Re8 11. b4 Ne5 12. Nd4 a6 13. f4 Ned7 14. Bb2 Bf8 15. Bd3 g6 16. Rc1 Bg7 17. Qc2 Rc8 18. Nce2 b5 19. a4 bxa4 20. Bxa6 Rb8 21. Bxb7 Rxb7 22. Qxa4 Qa8 23. Qxa8 Rxa8 24. Nc6 Nxe4 25. Bxg7 Kxg7 26. Ra1 Re8 27. Ra7 Rxa7 28. Nxa7 Nd2 29. Rf2 Nf6 30. g3 Nxd5 31. Nd4 Re1+ 32. Kg2 Ne4 33. Rb2 f5 34. Nab5 Kf6 35. Nxc7 Nxc7 36. b5 Nxb5 37. Nxb5 g5 38. fxg5+ Kxg5 39. Nd4 Rd1 40. Nf3+ Kf6 41. Rb7 h6 42. Nh4 Rd2+ 43. Kg1 Rd1+ 44. Kg2 Rd2+ 1/2-1/2

[Event "Basingstoke 4NCL Spring Bank 2nd"]
[Site "Basingstoke"]
[Date "2019.05.24"]
[Round "1"]
[White "Vaidya, Raghav"]
[Black "Okhai, Shabir"]
[Result "0-1"]
[WhiteElo "1472"]
[BlackElo "2082"]
[PlyCount "120"]
[EventDate "2019.05.24"]
[EventType "swiss"]
[EventRounds "7"]
[EventCountry "ENG"]
[SourceTitle "CBM 190 Extra"]
[Source "ChessBase"]
[SourceDate "2019.07.15"]
[SourceVersion "1"]
[SourceVersionDate "2019.07.15"]
[SourceQuality "1"]

1. c4 Nf6 2. Nc3 c5 3. g3 e6 4. e4 d6 5. Bg2 a6 6. Nf3 Qc7 7. 0-0 b6 8. d3 Bb7 9. Re1 Nbd7 10. b3 Be7 11. Bb2 0-0 12. d4 cxd4 13. Nxd4 Rfe8 14. Qc2 Rac8 15. Rac1 Qb8 16. Ba3 Bf8 17. Rcd1 Red8 18. Qd2 Nc5 19. Qe2 Qa8 20. Bxc5 dxc5 21. Nc2 Bd6 22. f4 Bc7 23. e5 Bxg2 24. Qxg2 Qxg2+ 25. Kxg2 Nd7 26. Re2 Nb8 27. Red2 Kf8 28. Rxd8+ Rxd8 29. Rxd8+ Bxd8 30. Ne4 Nc6 31. Kf3 Be7 32. Ke3 Ke8 33. Nc3 Kd7 34. Ne4 f6 35. exf6 gxf6 36. Nd2 f5 37. Nf3 Bf6 38. Kd3 h6 39. h3 Kd6 40. g4 Bb2 41. gxf5 exf5 42. Kd2 Bf6 43. Ne3 Ne7 44. Kd3 Ke6 45. h4 Ng6 46. Ng2 Bd8 47. h5 Ne7 48. Ne5 Bc7 49. Nf3 Ng8 50. Nd2 Nf6 51. Ke3 Nxh5 52. Kf3 Nf6 53. Ne3 b5 54. cxb5 axb5 55. a3 Nd5 56. Nxd5 Kxd5 57. Ke3 c4 58. bxc4+ bxc4 59. Nb1 Bb6+ 60. Kd2 Kd4 0-1

[Event "BCF-chT4S 1819 (4NCL)"]
[Site "England"]
[Date "2018.11.18"]
[Round "2.208"]
[White "Vaidya, Raghav"]
[Black "Matilal, Tamal"]
[Result "1-0"]
[WhiteElo "1682"]
[BlackElo "1419"]
[PlyCount "77"]
[EventDate "2018.11.17"]
[EventType "team-swiss"]
[EventRounds "11"]
[EventCountry "ENG"]
[SourceTitle "EXT 2021"]
[Source "ChessBase"]
[SourceDate "2020.10.23"]
[SourceVersion "1"]
[SourceVersionDate "2020.10.23"]
[SourceQuality "1"]
[WhiteTeam "Barnet Knights II"]
[BlackTeam "Oxford IV"]
[WhiteTeamCountry "ENG"]
[BlackTeamCountry "ENG"]

1. e4 g6 2. d4 c5 3. Nf3 Bg7 4. Be3 Nc6 5. Nc3 cxd4 6. Nxd4 a6 7. Nxc6 bxc6 8. Bc4 d6 9. 0-0 Nf6 10. Rb1 Qc7 11. h3 0-0 12. Qd2 Nxe4 13. Nxe4 d5 14. Bd3 dxe4 15. Bxe4 Rd8 16. Qc1 Qe5 17. Bxc6 Rb8 18. Bf4 Qc5 19. Bxb8 Qxc6 20. Rd1 Rf8 21. Bf4 Bf5 22. Rd2 Rc8 23. Qd1 Bxc2 24. Rd8+ Bf8 25. Rxc8 Qxc8 26. Rc1 Bxd1 27. Rxc8 Kg7 28. Bh6+ Kxh6 29. Rxf8 Kg7 30. Ra8 Be2 31. b4 Bc4 32. a4 e6 33. b5 axb5 34. a5 b4 35. a6 b3 36. a7 Kf6 37. Rb8 Bd5 38. a8Q b2 39. Qa3 1-0

[Event "BCF-chT4S 1718 (4NCL)"]
[Site "England"]
[Date "2018.05.07"]
[Round "11.104"]
[White "Rowles, Sarah"]
[Black "Vaidya, Raghav"]
[Result "1/2-1/2"]
[WhiteElo "1530"]
[BlackElo "1286"]
[PlyCount "85"]
[EventDate "2017.11.11"]
[EventType "team-swiss"]
[EventRounds "11"]
[EventCountry "ENG"]
[SourceTitle "EXT 2020"]
[Source "ChessBase"]
[SourceDate "2019.10.17"]
[SourceVersion "1"]
[SourceVersionDate "2019.10.17"]
[SourceQuality "1"]
[WhiteTeam "Iceni III"]
[BlackTeam "Barnet Knights II"]
[WhiteTeamCountry "ENG"]
[BlackTeamCountry "ENG"]

1. d4 Nf6 2. Nd2 d6 3. e4 e5 4. c3 Nbd7 5. Ngf3 c6 6. dxe5 Nxe5 7. Nxe5 dxe5 8. Bc4 Bc5 9. 0-0 0-0 10. Qe2 Qe7 11. b4 Bg4 12. Nf3 Bd6 13. a4 a6 14. h3 Be6 15. Bxe6 Qxe6 16. Nd2 c5 17. b5 axb5 18. Qxb5 Qd7 19. Qxd7 Nxd7 20. Nc4 Bc7 21. Be3 Rfd8 22. Rfd1 b6 23. Rdb1 Rab8 24. Na3 Nf6 25. f3 h6 26. Nb5 Rd7 27. c4 Kh8 28. a5 bxa5 29. Bxc5 Kh7 30. Nc3 Rdd8 31. Rxb8 Rxb8 32. Nb5 Bd8 33. Rd1 Bb6 34. Bxb6 Rxb6 35. Ra1 Rc6 36. Ra4 Nd7 37. Rxa5 Rxc4 38. Nd6 Rc1+ 39. Kh2 f6 40. Ra7 Nf8 41. Nf5 Ne6 42. Re7 Rc6 43. Ra7 1/2-1/2

[Event "BCF-chT4S 1718 (4NCL)"]
[Site "England"]
[Date "2018.02.10"]
[Round "5.106"]
[White "Maladkar, Ritika"]
[Black "Vaidya, Raghav"]
[Result "1-0"]
[WhiteElo "1585"]
[BlackElo "1286"]
[PlyCount "69"]
[EventDate "2017.11.11"]
[EventType "team-swiss"]
[EventRounds "11"]
[EventCountry "ENG"]
[SourceTitle "EXT 2020"]
[Source "ChessBase"]
[SourceDate "2019.10.17"]
[SourceVersion "1"]
[SourceVersionDate "2019.10.17"]
[SourceQuality "1"]
[WhiteTeam "KJCA Kings II"]
[BlackTeam "Barnet Knights II"]
[WhiteTeamCountry "ENG"]
[BlackTeamCountry "ENG"]

1. e4 c5 2. Nf3 Nc6 3. d4 cxd4 4. Nxd4 Nf6 5. Nc3 e5 6. Nxc6 bxc6 7. a3 Be7 8. Bc4 0-0 9. Qd3 Bb7 10. 0-0 d5 11. exd5 cxd5 12. Ba6 Bxa6 13. Qxa6 Qb6 14. Qe2 Qe6 15. Re1 Bd6 16. Bg5 Nd7 17. Rad1 d4 18. Nb5 Bc5 19. Nc7 Qc6 20. Nxa8 Qxa8 21. c3 h6 22. Bh4 Qc6 23. cxd4 Bxd4 24. Rc1 Qe6 25. b4 f5 26. Qd2 Qb6 27. Be7 Re8 28. Bc5 Nxc5 29. bxc5 Bxc5 30. Qd5+ Kh8 31. Rxc5 Qe6 32. Rxe5 Qxd5 33. Rxe8+ Kh7 34. Rxd5 g5 35. Rd6 1-0